[Event "Internationale Deutsche Jugendmeisterschaft"]
[Site "Deizisau"]
[Date "2004.04.09"]
[Round "5"]
[White "Troyke, Christian"]
[Black "Rau, Hannes"]
[Result "1-0"]
[WhiteElo "2356"]
[BlackElo "2377"]
[PlyCount "105"]
[EventDate "2004.04.06"]

1. g3 c5 2. Bg2 g6 3. Nf3 Bg7 4. O-O Nf6 5. d3 O-O 6. e4 d6 7. Nc3 Nc6 8. Re1
e5 9. h3 Rb8 10. a4 a6 11. Bg5 h6 12. Bxf6 Bxf6 13. Nd5 Bg7 14. Nd2 b5 15. axb5
axb5 16. c3 Ne7 17. Nxe7+ Qxe7 18. Nf1 f5 19. exf5 gxf5 20. Bd5+ Kh8 21. f4 Qc7
22. Qd2 b4 23. Ne3 bxc3 24. bxc3 Bd7 25. Bc4 Bc6 26. Rf1 Qd7 27. Nd5 Qb7 28.
Ne3 d5 29. Ba2 d4 30. cxd4 cxd4 31. Nc4 e4 32. dxe4 fxe4 33. Ne5 Bxe5 34. fxe5
Qg7 35. g4 d3 36. Qc3 Qa7+ 37. Kg2 Rxf1 38. Rxf1 Qxa2+ 39. Kg3 Qe6 40. Rf6 Rb3
41. Qc5 d2+ 42. Kh4 Qg8 43. Rxh6+ Kg7 44. Qe7+ Kxh6 45. g5+ Qxg5+ 46. Qxg5+ Kh7
47. Qf5+ Kg7 48. Qf6+ Kh7 49. Qf7+ Kh8 50. Qxb3 e3 51. e6 Kg7 52. Kg5 Be8 53.
Qb7+ 1-0

[Event "Internationale Deutsche Jugendmeisterschaft"]
[Site "Deizisau"]
[Date "2004.04.09"]
[Round "5"]
[White "Eisenbeiser, Amadeus"]
[Black "Jonkman, Harmen"]
[Result "0-1"]
[WhiteElo "2229"]
[BlackElo "2421"]
[PlyCount "44"]
[EventDate "2004.04.06"]

1. e4 e5 2. Nf3 Nc6 3. d4 exd4 4. Nxd4 Bc5 5. Nxc6 bxc6 6. Bd3 d6 7. O-O Ne7 8.
Nc3 O-O 9. Na4 Bb6 10. b3 Bd4 11. c3 Bb6 12. Bb2 f5 13. c4 c5 14. Qh5 Qe8 15.
Qg5 Qf7 16. exf5 h6 17. Qh4 Bxf5 18. Rae1 Rae8 19. Re3 Ng6 20. Qg3 Bxd3 21.
Rxd3 Nf4 22. Nc3 Ba5 0-1

[Event "Internationale Deutsche Jugendmeisterschaft"]
[Site "Deizisau"]
[Date "2004.04.10"]
[Round "6"]
[White "Netzer, Jean"]
[Black "Jonkman, Harmen"]
[Result "0-1"]
[WhiteElo "2301"]
[BlackElo "2421"]
[PlyCount "118"]
[EventDate "2004.04.06"]

1. c4 c6 2. Nf3 d5 3. e3 Nf6 4. d4 a6 5. cxd5 cxd5 6. Be2 Nc6 7. O-O e6 8. Bd2
Bd6 9. Nc3 b5 10. Rc1 Bd7 11. a3 O-O 12. Na2 Qe7 13. Qb3 a5 14. Qd1 Rfb8 15.
Nc3 Nd8 16. Ne5 Be8 17. Nb1 b4 18. a4 b3 19. Nc3 Ne4 20. Nb5 Bxe5 21. dxe5 Nc5
22. Rxc5 Qxc5 23. Qxb3 Nc6 24. Rc1 Qb6 25. Bc3 Na7 26. Bd4 Qd8 27. Bxa7 Rxa7
28. Qc3 Raa8 29. Nc7 Rc8 30. Bb5 Ra7 31. Nxe8 Rxc3 32. Rxc3 f6 33. exf6 gxf6
34. Kf1 Rb7 35. Ba6 Rb8 36. Nc7 Qd6 37. b3 Kf7 38. g3 Qe5 39. Rc6 Rxb3 40. Nxe6
Rb1+ 41. Kg2 Qe4+ 42. Kh3 Qf5+ 43. Kg2 Qe4+ 44. Kh3 Qxe6+ 45. Rxe6 Kxe6 46. Bd3
Ra1 47. Bb5 Rb1 48. Bd3 Rb4 49. Bc2 Rb2 50. Bxh7 Ra2 51. e4 Rxa4 52. Bg8+ Ke7
53. Bxd5 Rd4 54. Bc6 a4 55. Bxa4 Rxa4 56. f3 Ra2 57. g4 Ke6 58. Kg3 Ke5 59. h4
Ra1 0-1

[Event "Internationale Deutsche Jugendmeisterschaft"]
[Site "Deizisau"]
[Date "2004.04.10"]
[Round "6"]
[White "Rau, Hannes"]
[Black "Eisenbeiser, Amadeus"]
[Result "1/2-1/2"]
[WhiteElo "2377"]
[BlackElo "2229"]
[PlyCount "129"]
[EventDate "2004.04.06"]

1. d4 d6 2. Nf3 Nf6 3. c4 g6 4. Nc3 Bg7 5. e4 c5 6. Be2 O-O 7. O-O cxd4 8. Nxd4
Nc6 9. Be3 Bd7 10. f3 Nxd4 11. Bxd4 a5 12. Qd2 Bc6 13. b3 Nd7 14. Be3 Nc5 15.
Rac1 Qb6 16. Nd5 Bxd5 17. exd5 Rfe8 18. f4 Bh6 19. Kh1 e5 20. dxe6 Rxe6 21. Bg4
Nxb3 22. Bxb6 Nxd2 23. Bxe6 Nxf1 24. Bd5 Nxh2 25. Re1 Ng4 26. Re7 Nf6 27. Bxb7
Rb8 28. Ba7 Re8 29. Rxe8+ Nxe8 30. Be3 Nc7 31. Bb6 Ne6 32. Bxa5 Bxf4 33. a4 Be3
34. Bb4 Nc5 35. Bc6 Kf8 36. a5 Ke7 37. Bb5 Nd3 38. Ba3 Ba7 39. g3 f5 40. Bc6 g5
41. Kg2 h5 42. Kf1 f4 43. Be4 Nf2 44. Bf3 g4 45. c5 fxg3 46. cxd6+ Kd7 47. Be2
Ne4 48. Bb5+ Kd8 49. Bc6 Nd2+ 50. Kg2 Nc4 51. Bb4 h4 52. a6 Ne3+ 53. Kh1 Nc4
54. Kg2 Bf2 55. Bc3 h3+ 56. Kh1 Nxd6 57. Be5 Nc4 58. Bb8 Kc8 59. a7 Nb6 60.
a8=Q Nxa8 61. Bxg3 Bxg3 62. Bxa8 Kd7 63. Bd5 Kd6 64. Bb7 Kc7 65. Be4 1/2-1/2

[Event "Internationale Deutsche Jugendmeisterschaft"]
[Site "Deizisau"]
[Date "2004.04.10"]
[Round "6"]
[White "Bindrich, Falko"]
[Black "Troyke, Christian"]
[Result "1-0"]
[WhiteElo "2253"]
[BlackElo "2356"]
[PlyCount "79"]
[EventDate "2004.04.06"]

1. e4 c5 2. Nf3 g6 3. d4 Bg7 4. Nc3 cxd4 5. Nxd4 Nc6 6. Be3 Nf6 7. Bc4 Qa5 8.
O-O O-O 9. Bb3 d6 10. h3 Bd7 11. Re1 Rfe8 12. Qd3 Rad8 13. Rad1 Bc8 14. Nd5 e6
15. Nxc6 bxc6 16. Bd2 Qc5 17. Bb4 Qb5 18. Qxb5 cxb5 19. Nc7 Re7 20. Nxb5 Rb7
21. Ba5 Rf8 22. Nxd6 Rb8 23. Bc7 Ra8 24. e5 Nd5 25. Rxd5 exd5 26. Bxd5 Be6 27.
Bxa8 Rxa8 28. b3 a5 29. c4 Bh6 30. Rd1 Bf4 31. Nb5 a4 32. g3 Bg5 33. h4 Be7 34.
Bd6 Bg4 35. Rc1 Bd8 36. b4 a3 37. c5 Be6 38. c6 Bb6 39. c7 Kg7 40. Rc6 1-0

[Event "Internationale Deutsche Jugendmeisterschaft"]
[Site "Deizisau"]
[Date "2004.04.10"]
[Round "6"]
[White "Meier, Georg"]
[Black "Michielsen, Joost"]
[Result "1-0"]
[WhiteElo "2365"]
[BlackElo "2215"]
[PlyCount "117"]
[EventDate "2004.04.06"]

1. Nf3 Nf6 2. g3 d5 3. Bg2 Bg4 4. Ne5 Bh5 5. c4 c6 6. cxd5 cxd5 7. Qa4+ Nbd7 8.
Nc3 e6 9. g4 Bg6 10. d4 a6 11. Bg5 Be7 12. Nxg6 hxg6 13. h3 b5 14. Qb3 Nb6 15.
e3 Nc4 16. Ke2 Qa5 17. a4 O-O 18. axb5 Qb6 19. Bxf6 Bxf6 20. Nxd5 exd5 21. Bxd5
Nd6 22. Bxa8 Rxa8 23. Qd5 Qxb5+ 24. Qxb5 Nxb5 25. Kd3 Be7 26. Ra4 Nc7 27. Rc1
Nd5 28. Ke4 Nb6 29. Ra2 a5 30. Rc6 Nd7 31. Kd3 Bb4 32. b3 Kf8 33. f4 Ke7 34. e4
Rh8 35. Rh2 Be1 36. Rh1 Bb4 37. e5 Rb8 38. Ke4 Ba3 39. Rb1 Rb4 40. Rc4 Rb8 41.
Rc7 Rb5 42. Ra7 Ke8 43. f5 g5 44. e6 fxe6 45. fxe6 Nf6+ 46. Kd3 Rd5 47. Kc4 Bb4
48. Rd1 Rd8 49. Rxg7 Rc8+ 50. Kb5 Ne4 51. Rg8+ Bf8 52. Rf1 Nd6+ 53. Kxa5 Ke7
54. b4 Rb8 55. Rfxf8 Rxf8 56. Rxf8 Kxf8 57. d5 Ke7 58. b5 Nc4+ 59. Kb4 1-0

[Event "Internationale Deutsche Jugendmeisterschaft"]
[Site "Deizisau"]
[Date "2004.04.11"]
[Round "7"]
[White "Michielsen, Joost"]
[Black "Netzer, Jean"]
[Result "0-1"]
[WhiteElo "2215"]
[BlackElo "2301"]
[PlyCount "56"]
[EventDate "2004.04.06"]

1. e4 c5 2. Nf3 Nc6 3. d4 cxd4 4. Nxd4 e5 5. Nb5 d6 6. N1c3 a6 7. Na3 b5 8. Nd5
Nce7 9. c4 Nxd5 10. exd5 bxc4 11. Nxc4 Nf6 12. g3 Be7 13. Bg2 O-O 14. b4 Rb8
15. Qb3 Bb7 16. Na5 Ba8 17. O-O e4 18. Rd1 Rb5 19. Bf1 Rxd5 20. Bf4 Rxd1 21.
Rxd1 d5 22. a3 d4 23. Bxa6 d3 24. Qc4 Qd7 25. Qc7 Qh3 26. Qxe7 e3 27. Bb7 Ng4
28. Bxe3 Bxb7 0-1

[Event "Internationale Deutsche Jugendmeisterschaft"]
[Site "Deizisau"]
[Date "2004.04.11"]
[Round "7"]
[White "Antoniewski, Rafal"]
[Black "Meier, Georg"]
[Result "1-0"]
[WhiteElo "2500"]
[BlackElo "2365"]
[PlyCount "61"]
[EventDate "2004.04.07"]
[SourceDate "2004.04.07"]

1. e4 e6 2. d4 d5 3. Nc3 dxe4 4. Nxe4 Nd7 5. Nf3 Ngf6 6. Bd3 c5 7. O-O Nxe4 8.
Bxe4 Nf6 9. Bg5 cxd4 10. Nxd4 Be7 11. Bf3 O-O 12. c4 Qb6 13. Nb3 Rd8 14. Qe2
Bd7 15. Bd2 a5 16. Qe5 Bb4 17. c5 Qb5 18. Bg5 a4 19. Be2 Qc6 20. a3 Ba5 21.
Nxa5 Rxa5 22. Rac1 Rc8 23. Bxf6 gxf6 24. Qxf6 Rxc5 25. Bf3 Qb6 26. Rxc5 Qxc5
27. Bxb7 Rb8 28. Be4 Bc6 29. Qh4 Kf8 30. Qh6+ Ke7 31. Rc1 1-0

[Event "Internationale Deutsche Jugendmeisterschaft"]
[Site "Deizisau"]
[Date "2004.04.11"]
[Round "7"]
[White "Troyke, Christian"]
[Black "Kiseleva, Natalia"]
[Result "1/2-1/2"]
[WhiteElo "2356"]
[BlackElo "2344"]
[PlyCount "91"]
[EventDate "2004.04.06"]

1. g3 e5 2. c4 Nf6 3. Bg2 Nc6 4. d3 Bc5 5. Nc3 d6 6. e3 O-O 7. Nge2 a5 8. h3
Bb6 9. O-O Ne7 10. b3 c6 11. d4 exd4 12. Nxd4 d5 13. cxd5 Nfxd5 14. Nxd5 Nxd5
15. Bb2 Qg5 16. Qf3 a4 17. Rfd1 f5 18. Rac1 axb3 19. axb3 Ra2 20. Ba1 Nf6 21.
Rc2 Rxc2 22. Nxc2 Ne4 23. Nd4 Qe7 24. Qe2 Kh8 25. Qc2 Bc7 26. Bb2 c5 27. Ne2
Be5 28. Ba3 b6 29. Nf4 Bb7 30. Nd5 Bxd5 31. Rxd5 Nf6 32. Rd1 Qe6 33. Bf1 h6 34.
Bd3 Ne4 35. Bxe4 fxe4 36. b4 Bd6 37. bxc5 bxc5 38. Qd2 Be7 39. Qd5 Qf6 40. Rf1
Qc3 41. Qxe4 Bd6 42. Bc1 Bxg3 43. fxg3 Rxf1+ 44. Kxf1 Qxc1+ 45. Ke2 c4 46. Qe8+
1/2-1/2

[Event "Internationale Deutsche Jugendmeisterschaft"]
[Site "Deizisau"]
[Date "2004.04.11"]
[Round "7"]
[White "Eisenbeiser, Amadeus"]
[Black "Bindrich, Falko"]
[Result "0-1"]
[WhiteElo "2229"]
[BlackElo "2253"]
[PlyCount "40"]
[EventDate "2004.04.06"]

1. e4 c5 2. Nf3 d6 3. d4 cxd4 4. Nxd4 Nf6 5. Nc3 a6 6. f3 e5 7. Nb3 Be6 8. Be3
Nc6 9. Nd5 Bxd5 10. exd5 Ne7 11. c4 g6 12. a4 Nf5 13. Bf2 Bh6 14. g4 Ne3 15.
Qd3 e4 16. Qc3 exf3 17. Bxe3 Qe7 18. Nd2 Bxe3 19. O-O-O O-O 20. Bh3 Nxd5 0-1

[Event "Internationale Deutsche Jugendmeisterschaft"]
[Site "Deizisau"]
[Date "2004.04.11"]
[Round "7"]
[White "Jonkman, Harmen"]
[Black "Rau, Hannes"]
[Result "1-0"]
[WhiteElo "2421"]
[BlackElo "2377"]
[PlyCount "133"]
[EventDate "2004.04.06"]

1. e4 c5 2. c3 d5 3. exd5 Qxd5 4. d4 Nf6 5. Nf3 e6 6. Nbd2 cxd4 7. Nxd4 a6 8.
Qf3 Qxf3 9. N4xf3 Be7 10. g3 b6 11. Bg2 Bb7 12. O-O Nbd7 13. Nc4 Rc8 14. Nce5
Nxe5 15. Nxe5 Bxg2 16. Kxg2 Nd7 17. Nxd7 Kxd7 18. Be3 Kc6 19. Bd4 f6 20. f4
Rhe8 21. Rfe1 Bd6 22. Re2 Re7 23. Rae1 Rce8 24. Kf3 h5 25. a4 Bc7 26. Bf2 e5
27. fxe5 Bxe5 28. Bd4 Bd6 29. Rxe7 Rxe7 30. Rxe7 Bxe7 31. Ke4 g6 32. c4 Bd8 33.
b4 f5+ 34. Ke5 h4 35. Ke6 b5 36. cxb5+ axb5 37. a5 Bg5 38. Kf7 f4 39. g4 f3 40.
Kxg6 Bd2 41. Kf5 Bxb4 42. Ke4 Bc3 43. Be3 b4 44. Kxf3 b3 45. Bc1 Kb5 46. h3
Kxa5 47. g5 Kb5 48. Kg4 Kc4 49. Kxh4 Kd3 50. g6 Kc2 51. Ba3 Kb1 52. Kg4 Ka2 53.
Bc1 Kb1 54. Bh6 b2 55. g7 Ka1 56. g8=Q b1=Q 57. Qa8+ Qa2 58. Qh1+ Kb2 59. Qg2+
Kb3 60. Qd5+ Kb2 61. Bc1+ Kb1 62. Qxa2+ Kxa2 63. h4 Kb3 64. h5 Kc4 65. h6 Kd5
66. Kf5 Kd6 67. Bg5 1-0

[Event "Internationale Deutsche Jugendmeisterschaft"]
[Site "Deizisau"]
[Date "2004.04.11"]
[Round "8"]
[White "Netzer, Jean"]
[Black "Rau, Hannes"]
[Result "1-0"]
[WhiteElo "2301"]
[BlackElo "2377"]
[PlyCount "69"]
[EventDate "2004.04.06"]

1. e4 c5 2. Nf3 d6 3. d4 cxd4 4. Nxd4 Nf6 5. Nc3 Nc6 6. h3 g6 7. Be3 Bg7 8. Bc4
O-O 9. Bb3 Na5 10. O-O a6 11. f4 Nxb3 12. axb3 Bd7 13. Qd3 Rc8 14. Rfe1 Qc7 15.
Rac1 Rfd8 16. Nd5 Nxd5 17. exd5 e5 18. dxe6 fxe6 19. c3 e5 20. Ne2 Be6 21. c4
d5 22. cxd5 Rxd5 23. Qe4 Qf7 24. Rxc8+ Bxc8 25. Nc3 Rd8 26. fxe5 Qxb3 27. Qh4
Re8 28. Ne4 Bxe5 29. Bf4 Qb6+ 30. Kh1 Bxb2 31. Nd6 Rxe1+ 32. Qxe1 Qd8 33. Qb4
Bf6 34. Qc4+ Kg7 35. Bh6+ 1-0

[Event "Internationale Deutsche Jugendmeisterschaft"]
[Site "Deizisau"]
[Date "2004.04.11"]
[Round "8"]
[White "Bindrich, Falko"]
[Black "Jonkman, Harmen"]
[Result "1/2-1/2"]
[WhiteElo "2253"]
[BlackElo "2421"]
[PlyCount "82"]
[EventDate "2004.04.06"]

1. e4 e5 2. Nf3 Nc6 3. Bb5 Nf6 4. O-O Nxe4 5. d4 Nd6 6. Bg5 Be7 7. Bxe7 Qxe7 8.
Bxc6 dxc6 9. dxe5 Ne4 10. Nbd2 Nc5 11. Qe2 Bg4 12. h3 Bh5 13. Qe3 Ne6 14. Ne4
Bxf3 15. Qxf3 Nd4 16. Qd3 O-O-O 17. Nd6+ cxd6 18. Qxd4 Qxe5 19. Qxa7 Rhe8 20.
Rad1 Kc7 21. Qa4 Ra8 22. Qb3 Qe6 23. Qb4 Qf6 24. Rd3 Re2 25. Rb3 b5 26. Rf3 Qe6
27. Qc3 f6 28. a3 Ra4 29. Rg3 g6 30. Rg4 Rxg4 31. hxg4 Qxg4 32. b3 Qf5 33. Qa5+
Kb7 34. a4 Rxc2 35. axb5 cxb5 36. Qd8 Qc5 37. b4 Qc7 38. Qe8 Qc6 39. Qe7+ Qc7
40. Qe8 Qc6 41. Qe7+ Qc7 1/2-1/2

[Event "Internationale Deutsche Jugendmeisterschaft"]
[Site "Deizisau"]
[Date "2004.04.11"]
[Round "8"]
[White "Kiseleva, Natalia"]
[Black "Eisenbeiser, Amadeus"]
[Result "1-0"]
[WhiteElo "2344"]
[BlackElo "2229"]
[PlyCount "47"]
[EventDate "2004.04.06"]

1. d4 d6 2. Nf3 Nf6 3. c4 g6 4. g3 c5 5. d5 Bg7 6. Bg2 O-O 7. O-O e6 8. dxe6
fxe6 9. Nc3 Nc6 10. Bg5 d5 11. Nd2 Ne7 12. Nb3 d4 13. Na4 h6 14. Bd2 a5 15.
Naxc5 Qb6 16. Na4 Qd8 17. Nac5 Qb6 18. Nd3 e5 19. Nxe5 a4 20. Nc1 Qe6 21. Ncd3
Ne8 22. f4 Nd6 23. Nc5 Qf5 24. e4 1-0

[Event "Internationale Deutsche Jugendmeisterschaft"]
[Site "Deizisau"]
[Date "2004.04.11"]
[Round "8"]
[White "Meier, Georg"]
[Black "Troyke, Christian"]
[Result "1/2-1/2"]
[WhiteElo "2365"]
[BlackElo "2356"]
[PlyCount "175"]
[EventDate "2004.04.06"]

1. e4 g6 2. d4 Bg7 3. Nf3 c5 4. c3 cxd4 5. cxd4 d5 6. e5 Nc6 7. Bb5 Qa5+ 8. Nc3
Bg4 9. Bd2 Rc8 10. Qb3 Bxf3 11. Na4 Qc7 12. Qxf3 a6 13. Bxc6+ Qxc6 14. b3 Nh6
15. O-O O-O 16. Rac1 Qe6 17. Nc5 Qc6 18. Na4 Qe6 19. Nc5 Qc6 20. g4 f6 21. e6
b6 22. Nd7 Qxe6 23. Nxf8 Rxf8 24. Rfe1 Qd7 25. Qg3 e5 26. h3 Nf7 27. Qc3 Nd8
28. Qc8 Qb5 29. Be3 h5 30. Rc7 hxg4 31. Qxg4 Qe8 32. dxe5 Ne6 33. Rc2 fxe5 34.
Rec1 d4 35. Rc8 Qf7 36. Rxf8+ Bxf8 37. Bd2 Nc5 38. f3 a5 39. Re1 Bg7 40. Re2
Bf6 41. Rg2 Kh7 42. h4 Be7 43. h5 gxh5 44. Rh2 h4 45. Bg5 Bxg5 46. Qxg5 Qg6 47.
Rxh4+ Kg7 48. Qxg6+ Kxg6 49. Rh8 Kg5 50. Kf2 a4 51. bxa4 Nxa4 52. Ra8 Nc3 53.
a4 Kf4 54. Rf8+ Kg5 55. Rg8+ Kf4 56. Rf8+ Kg5 57. f4+ exf4 58. Kf3 Nxa4 59.
Rxf4 Nc3 60. Rxd4 Kf5 61. Rd6 Na4 62. Rd8 Ke5 63. Ke3 Nc5 64. Kd2 Nb7 65. Rb8
Nd6 66. Kc3 b5 67. Kb4 Kd5 68. Rb6 Ke5 69. Kc5 Ne4+ 70. Kxb5 Nd6+ 71. Kc6 Ne4
72. Rb5+ Kf4 73. Ra5 Ke3 74. Kd5 Nc3+ 75. Ke5 Kd3 76. Rc5 Ne2 77. Rd5+ Kc4 78.
Rd2 Nc3 79. Rc2 Kd3 80. Rc1 Kc4 81. Rh1 Kc5 82. Rh4 Nb5 83. Rg4 Nc3 84. Rd4 Nb5
85. Rd8 Kc4 86. Rb8 Nc3 87. Rb7 Nb5 88. Rxb5 1/2-1/2

[Event "Internationale Deutsche Jugendmeisterschaft"]
[Site "Deizisau"]
[Date "2004.04.11"]
[Round "8"]
[White "Michielsen, Joost"]
[Black "Antoniewski, Rafal"]
[Result "1/2-1/2"]
[WhiteElo "2215"]
[BlackElo "2500"]
[PlyCount "42"]
[EventDate "2004.04.06"]

1. e4 c5 2. Nf3 e6 3. d4 cxd4 4. Nxd4 a6 5. c4 Nf6 6. Nc3 Bb4 7. Bd3 Qc7 8. O-O
Nc6 9. Nde2 Ne5 10. Bg5 Nfg4 11. Bf4 g5 12. Bg3 h5 13. h3 h4 14. hxg4 hxg3 15.
Nxg3 Bc5 16. Nh5 b6 17. a3 Bb7 18. Be2 Rh6 19. Rc1 Ng6 20. Bf3 Qe5 21. b4 Be7
1/2-1/2

[Event "Internationale Deutsche Jugendmeisterschaft"]
[Site "Deizisau"]
[Date "2004.04.12"]
[Round "9"]
[White "Antoniewski, Rafal"]
[Black "Netzer, Jean"]
[Result "1/2-1/2"]
[WhiteElo "2500"]
[BlackElo "2301"]
[PlyCount "32"]
[EventDate "2004.04.06"]

1. e4 e5 2. d4 exd4 3. Qxd4 Nc6 4. Qe3 Nf6 5. Nc3 Bb4 6. Bd2 O-O 7. O-O-O Re8
8. Bc4 d6 9. f3 Be6 10. Bxe6 fxe6 11. Nce2 Bxd2+ 12. Rxd2 Qe7 13. Nh3 Nd7 14.
f4 Nc5 15. Ng5 a5 16. Nd4 Nxd4 1/2-1/2

[Event "Internationale Deutsche Jugendmeisterschaft"]
[Site "Deizisau"]
[Date "2004.04.12"]
[Round "9"]
[White "Troyke, Christian"]
[Black "Michielsen, Joost"]
[Result "0-1"]
[WhiteElo "2356"]
[BlackElo "2215"]
[PlyCount "84"]
[EventDate "2004.04.06"]

1. g3 d5 2. Nf3 Nc6 3. c4 d4 4. Bg2 e5 5. O-O Nf6 6. d3 Be7 7. b4 Nd7 8. b5
Ncb8 9. e3 c5 10. Re1 O-O 11. exd4 exd4 12. Qe2 Bd6 13. Bg5 Qb6 14. Nbd2 h6 15.
Be7 Re8 16. Bxd6 Rxe2 17. Rxe2 Qxd6 18. Re8+ Kh7 19. Rxc8 Nb6 20. Ne4 Qe7 21.
Rxc5 N8d7 22. Rf5 Kg8 23. Nxd4 Qa3 24. Nb3 Rd8 25. c5 g6 26. Rf3 Ne5 27. Nf6+
Kg7 28. Re3 Kxf6 29. cxb6 Rxd3 30. Rxd3 Nxd3 31. Rd1 Nb2 32. Rd7 axb6 33. Rxb7
Qxa2 34. Bd5 Nd1 35. Rxf7+ Ke5 36. Bc4 Qc2 37. Rf4 Nxf2 38. Bf1 Ne4 39. Bg2
Qd1+ 40. Rf1 Qxb3 41. Re1 Qc2 42. Rxe4+ Qxe4 0-1

[Event "Internationale Deutsche Jugendmeisterschaft"]
[Site "Deizisau"]
[Date "2004.04.12"]
[Round "9"]
[White "Eisenbeiser, Amadeus"]
[Black "Meier, Georg"]
[Result "1-0"]
[WhiteElo "2229"]
[BlackElo "2365"]
[PlyCount "89"]
[EventDate "2004.04.06"]

1. e4 e6 2. d4 d5 3. Nd2 Nf6 4. e5 Nfd7 5. c3 c5 6. Bd3 b6 7. Ndf3 cxd4 8. cxd4
Ba6 9. a3 Bxd3 10. Qxd3 Nc6 11. Nh3 Be7 12. O-O Nf8 13. Bd2 f6 14. Rac1 Qd7 15.
exf6 gxf6 16. Rfe1 Rg8 17. Nf4 Nd8 18. Qe2 Kf7 19. Nh4 Ng6 20. Qh5 Rg7 21. Rc3
e5 22. dxe5 fxe5 23. Nhxg6 hxg6 24. Qxe5 Bf6 25. Rc7 Bxe5 26. Rxd7+ Kg8 27.
Rxd8+ Rxd8 28. Rxe5 d4 29. Kf1 d3 30. Re3 Rgd7 31. h4 Kf7 32. Ke1 Rd4 33. g3
R8d7 34. Kd1 a5 35. Bc3 Ra4 36. Nxd3 b5 37. Ke2 Rc7 38. Re5 b4 39. axb4 axb4
40. Nxb4 Ra1 41. Re3 Rb1 42. Rf3+ Kg8 43. Rf6 Kh7 44. Rf8 g5 45. h5 1-0

[Event "Internationale Deutsche Jugendmeisterschaft"]
[Site "Deizisau"]
[Date "2004.04.12"]
[Round "9"]
[White "Jonkman, Harmen"]
[Black "Kiseleva, Natalia"]
[Result "1-0"]
[WhiteElo "2421"]
[BlackElo "2344"]
[PlyCount "81"]
[EventDate "2004.04.06"]

1. e4 e6 2. d4 d5 3. Nd2 c5 4. exd5 Qxd5 5. Ngf3 cxd4 6. Bc4 Qd6 7. O-O Nf6 8.
Re1 Qc7 9. Nxd4 a6 10. Bd3 Bd6 11. g3 O-O 12. Nc4 Bc5 13. Bf4 Qd8 14. Nb3 Be7
15. Qf3 Nc6 16. Rad1 Bd7 17. c3 Nd5 18. Be4 Nxf4 19. Qxf4 Rc8 20. Nd6 e5 21.
Qf3 Bxd6 22. Rxd6 Qe7 23. Bxh7+ Kxh7 24. Qd3+ f5 25. Rxd7 Qf6 26. Qd6 Qxd6 27.
Rxd6 e4 28. f4 Rcd8 29. Red1 Rxd6 30. Rxd6 Rd8 31. Rxd8 Nxd8 32. Nc5 Kh6 33.
Kf2 g5 34. fxg5+ Kxg5 35. h3 a5 36. a4 b6 37. Nd7 f4 38. h4+ Kg4 39. gxf4 Kxf4
40. Nxb6 Nc6 41. Nc4 1-0

[Event "Internationale Deutsche Jugendmeisterschaft"]
[Site "Deizisau"]
[Date "2004.04.12"]
[Round "9"]
[White "Rau, Hannes"]
[Black "Bindrich, Falko"]
[Result "1-0"]
[WhiteElo "2377"]
[BlackElo "2253"]
[PlyCount "118"]
[EventDate "2004.04.06"]

1. d4 Nf6 2. c4 e6 3. Nc3 Bb4 4. e3 b6 5. Nge2 Ne4 6. Qc2 Bb7 7. a3 Bxc3+ 8.
Nxc3 f5 9. b3 O-O 10. Bb2 c5 11. Nxe4 Bxe4 12. Qc3 Qe7 13. O-O-O Bb7 14. dxc5
bxc5 15. Be2 Nc6 16. f4 Rad8 17. Bf3 a5 18. Rhg1 Rf7 19. Kb1 a4 20. g4 fxg4 21.
Rxg4 Ne5 22. Rxg7+ Rxg7 23. Bxb7 Ng4 24. Qxg7+ Qxg7 25. Bxg7 Kxg7 26. Rg1 h5
27. h3 Rb8 28. Ba6 Rxb3+ 29. Ka2 Rxe3 30. hxg4 Re2+ 31. Kb1 h4 32. Rh1 Re4 33.
Rxh4 Rxf4 34. Bb5 d5 35. cxd5 exd5 36. Rh5 Rf3 37. Bxa4 Rxa3 38. Bd7 Rd3 39.
Be6 Kf6 40. Bxd5 Rg3 41. Rf5+ Kg6 42. Bf3 c4 43. Kc2 Rg1 44. Be2 Rg2 45. Re5
Kf6 46. Re4 Kg5 47. Kc3 Rg1 48. Kxc4 Ra1 49. Re5+ Kf6 50. Rb5 Ra4+ 51. Kd3 Ra3+
52. Ke4 Ra4+ 53. Ke3 Kg7 54. g5 Ra7 55. Bd3 Kf7 56. Kf4 Kg7 57. Be4 Ra4 58.
Rb7+ Kf8 59. g6 Ra5 1-0